[Event "GER-ch Youth U16 2019"]
[Site "Willingen"]
[Date "2019.06.10"]
[Round "3.5"]
[White "Gutkin, Ilya"]
[Black "Post, Hugo"]
[Result "1/2-1/2"]
[WhiteElo "2041"]
[BlackElo "2113"]
[Annotator "ChessBase"]
[PlyCount "58"]
[EventDate "2019.06.07"]
[EventType "swiss"]
[EventRounds "9"]
[EventCountry "GER"]
[SourceTitle "playchess.com"]
[Source "ChessBase"]
[SourceQuality "1"]
[TimeControl "40/5400+30:1800+30"]

1. Nf3 {[%emt 0:00:00]} Nf6 {[%emt 0:00:00]} 2. c4 {[%emt 0:00:00]} e6 {[%emt 0:00:14]} 3. g3 {[%emt 0:00:02]} d5 {[%emt 0:00:29]} 4. Bg2 {[%emt 0:00:07]} dxc4 {[%emt 0:00:17]} 5. Qa4+ {[%emt 0:00:05]} Bd7 {[%emt 0:01:05]} 6. Qxc4 {[%emt 0:00:15]} c5 {[%emt 0:00:23]} 7. d3 {[%emt 0:06:28]} Bc6 {[%emt 0:01:21]} 8. O-O {[%emt 0:01:05]} Be7 {[%emt 0:03:25]} 9. b3 {[%emt 0:01:44]} O-O {[%emt 0:05:29]} 10. Bb2 {[%emt 0:01:48]} Nbd7 {[%emt 0:02:25]} 11. Nbd2 {[%emt 0:00:53]} Rc8 {[%emt 0:01:56]} 12. Qc2 {[%emt 0:07:17]} b5 {[%emt 0:04:52]} 13. Rac1 {[%emt 0:01:35]} Qb6 {[%emt 0:08:47]} 14. e4 {[%emt 0:22:49]} Rfd8 {[%emt 0:10:07]} 15. Rfd1 {[%emt 0:01:15]} Qb7 {[%emt 0:03:38]} 16. Qb1 {[%emt 0:04:36]} a5 {[%emt 0:07:06]} 17. Ne1 {[%emt 0:07:29]} Ra8 {[%emt 0:09:06]} 18. Nc2 {[%emt 0:04:12]} a4 {[%emt 0:01:13]} 19. Ne3 {[%emt 0:02:27]} axb3 {[%emt 0:01:16]} 20. axb3 {[%emt 0:00:07]} Rac8 {[%emt 0:03:03]} 21. Nf3 {[%emt 0:07:15]} h6 {[%emt 0:03:51]} 22. Bc3 {[%emt 0:05:50]} Rb8 {[%emt 0:02:19]} 23. Ne1 {[%emt 0:00:54]} Qa8 {[%emt 0:03:22]} 24. Qa1 {[%emt 0:01:07]} Rb6 {[%emt 0:03:04]} 25. Qxa8 {[%emt 0:03:21]} Rxa8 {[%emt 0:00:01]} 26. Ra1 {[%emt 0:00:23]} Rba6 {[%emt 0:00:07]} 27. Rxa6 {[%emt 0:00:09]} Rxa6 {[%emt 0:00:02]} 28. Ra1 {[%emt 0:00:07]} Rxa1 {[%emt 0:02:05]} 29. Bxa1 {[%emt 0:00:05]} Nb8 {[%emt 0:00:27] normal} 1/2-1/2

[Event "GER-ch Youth U16 2019"]
[Site "Willingen"]
[Date "2019.06.10"]
[Round "3.6"]
[White "Burian, Simon"]
[Black "Wachinger, Nikolas"]
[Result "0-1"]
[WhiteElo "2001"]
[BlackElo "2311"]
[Annotator "NA"]
[PlyCount "42"]
[EventDate "2019.06.07"]
[EventType "swiss"]
[EventRounds "9"]
[EventCountry "GER"]
[SourceTitle "playchess.com"]
[Source "ChessBase"]
[SourceQuality "1"]
[TimeControl "40/5400+30:1800+30"]

1. e4 {[%emt 0:00:00]} c5 {[%emt 0:00:00]} 2. Nf3 {[%emt 0:00:00]} d6 {[%emt 0:00:00]} 3. d4 {[%emt 0:00:00]} Nf6 {[%emt 0:00:02]} 4. Nc3 {[%emt 0:00:09]} cxd4 {[%emt 0:00:08]} 5. Nxd4 {[%emt 0:00:06]} a6 {[%emt 0:00:13]} 6. Bg5 {[%emt 0:00:27]} e6 {[%emt 0:00:11]} 7. f4 {[%emt 0:00:20]} h6 {[%emt 0:01:11]} 8. Bh4 {[%emt 0:00:41]} Qb6 {[%emt 0:00:07]} 9. a3 {[%emt 0:01:57]} Be7 {[%emt 0:02:58]} 10. Bf2 {[%emt 0:01:21]} Qc7 {[%emt 0:00:36]} 11. Qe2 {[%emt 0:02:35]} Nbd7 {[%emt 0:02:46]} 12. O-O-O {[%emt 0:02:38]} b5 {[%emt 0:01:15]} 13. g4 {[%emt 0:04:06]} Bb7 {[%emt 0:15:55]} 14. g5 {[%emt 0:03:49]} hxg5 {[%emt 0:12:52]} 15. fxg5 {[%emt 0:00:20]} Nh5 {[%emt 0:00:12]} 16. g6 {[%emt 0:00:58]} Ne5 {[%emt 0:07:39]} 17. gxf7+ {[%emt 0:01:56]} Kxf7 {[%emt 0:00:53]} 18. Be3 {[%emt 0:06:44]} Nf6 {[%emt 0:05:19]} 19. h4 {[%emt 0:08:55]} Nxe4 {[%emt 0:19:52]} 20. Nxe4 {[%emt 0:00:45]} Bxe4 {[%emt 0:03:04]} 21. Rg1 {[%emt 0:02:46]} Bf6 {[%emt 0:07:01] normal} 0-1

[Event "GER-ch Youth U16 2019"]
[Site "Willingen"]
[Date "2019.06.10"]
[Round "3.7"]
[White "Nguyen, Alex Dac-Vuong"]
[Black "Richter, Nils"]
[Result "1/2-1/2"]
[WhiteElo "2287"]
[BlackElo "2115"]
[Annotator "NA"]
[PlyCount "50"]
[EventDate "2019.06.07"]
[EventType "swiss"]
[EventRounds "9"]
[EventCountry "GER"]
[SourceTitle "playchess.com"]
[Source "ChessBase"]
[SourceQuality "1"]
[TimeControl "40/5400+30:1800+30"]

1. e4 {[%emt 0:00:00]} c5 {[%emt 0:00:00]} 2. Nf3 {[%emt 0:00:00]} e6 {[%emt 0:00:00]} 3. d4 {[%emt 0:00:00]} cxd4 {[%emt 0:00:00]} 4. Nxd4 {[%emt 0:00:00]} Nc6 {[%emt 0:00:06]} 5. Nc3 {[%emt 0:00:02]} Qc7 {[%emt 0:00:11]} 6. Be2 {[%emt 0:00:10]} a6 {[%emt 0:00:27]} 7. f4 {[%emt 0:00:25]} d6 {[%emt 0:02:57]} 8. Be3 {[%emt 0:00:31]} Nf6 {[%emt 0:01:56]} 9. Qd2 {[%emt 0:00:22]} Be7 {[%emt 0:14:18]} 10. O-O-O {[%emt 0:00:14]} O-O {[%emt 0:19:06]} 11. Nxc6 {[%emt 0:15:34]} bxc6 {[%emt 0:01:38]} 12. g4 {[%emt 0:11:39]} d5 {[%emt 0:03:04]} 13. exd5 {[%emt 0:08:55]} Nxd5 {[%emt 0:03:00]} 14. Nxd5 {[%emt 0:01:36]} cxd5 {[%emt 0:00:25]} 15. g5 {[%emt 0:03:21]} a5 {[%emt 0:04:31]} 16. h4 {[%emt 0:08:28]} Ba6 {[%emt 0:04:15]} 17. Bg4 {[%emt 0:07:54]} a4 {[%emt 0:04:49]} 18. Rh3 {[%emt 0:04:50]} a3 {[%emt 0:02:05]} 19. b3 {[%emt 0:00:09]} Rfc8 {[%emt 0:01:44]} 20. Bd4 {[%emt 0:00:33]} Bd6 {[%emt 0:02:31]} 21. Rf3 {[%emt 0:00:56]} Rab8 {[%emt 0:06:23]} 22. h5 {[%emt 0:04:42]} Rb4 {[%emt 0:01:16]} 23. c3 {[%emt 0:01:27]} Rxd4 {[%emt 0:00:05]} 24. Qxd4 {[%emt 0:00:08]} Be2 {[%emt 0:00:04]} 25. h6 {[%emt 0:08:05]} e5 {[%emt 0:06:24] normal} 1/2-1/2

[Event "GER-ch Youth U16 2019"]
[Site "Willingen"]
[Date "2019.06.10"]
[Round "3.8"]
[White "Liebold, Aaron"]
[Black "Kopylov, Daniel"]
[Result "1/2-1/2"]
[WhiteElo "1870"]
[BlackElo "2263"]
[Annotator "ChessBase"]
[PlyCount "57"]
[EventDate "2019.06.07"]
[EventType "swiss"]
[EventRounds "9"]
[EventCountry "GER"]
[SourceTitle "playchess.com"]
[Source "ChessBase"]
[SourceQuality "1"]
[TimeControl "40/5400+30:1800+30"]

1. e4 {[%emt 0:00:00]} c5 {[%emt 0:00:00]} 2. Nf3 {[%emt 0:00:00]} d6 {[%emt 0:00:00]} 3. d4 {[%emt 0:00:00]} cxd4 {[%emt 0:00:17]} 4. Nxd4 {[%emt 0:00:23]} Nf6 {[%emt 0:00:17]} 5. Nc3 {[%emt 0:00:15]} Nc6 {[%emt 0:00:14]} 6. Bg5 {[%emt 0:00:16]} e6 {[%emt 0:00:15]} 7. Qd2 {[%emt 0:00:51]} Nxd4 {[%emt 0:00:23]} 8. Qxd4 {[%emt 0:00:12]} Be7 {[%emt 0:00:06]} 9. O-O-O {[%emt 0:00:34]} O-O {[%emt 0:00:18]} 10. f4 {[%emt 0:01:02]} Qa5 {[%emt 0:00:18]} 11. Bc4 {[%emt 0:00:56]} Bd7 {[%emt 0:06:02]} 12. e5 {[%emt 0:03:19]} dxe5 {[%emt 0:03:01]} 13. Qxe5 {[%emt 0:01:45]} Qb6 {[%emt 0:02:49]} 14. f5 {[%emt 0:02:58]} Rad8 {[%emt 0:22:55]} 15. fxe6 {[%emt 0:08:05]} Bxe6 {[%emt 0:01:37]} 16. Bxe6 {[%emt 0:01:25]} Qxe6 {[%emt 0:01:59]} 17. Qxe6 {[%emt 0:01:49]} fxe6 {[%emt 0:00:07]} 18. Rde1 {[%emt 0:05:27]} Kf7 {[%emt 0:01:58]} 19. Rhf1 {[%emt 0:02:34]} Rd4 {[%emt 0:04:10]} 20. h3 {[%emt 0:06:59]} Bb4 {[%emt 0:09:53]} 21. Be3 {[%emt 0:05:31]} Bxc3 {[%emt 0:01:17]} 22. bxc3 {[%emt 0:00:15]} Ra4 {[%emt 0:02:39]} 23. Kb2 {[%emt 0:02:15]} Rc8 {[%emt 0:01:21]} 24. Bd4 {[%emt 0:02:10]} Ke7 {[%emt 0:02:16]} 25. Re5 {[%emt 0:03:50]} h6 {[%emt 0:14:54]} 26. Rfe1 {[%emt 0:04:17]} Rc6 {[%emt 0:01:52]} 27. Rb5 {[%emt 0:04:08]} b6 {[%emt 0:02:20]} 28. g4 {[%emt 0:03:47]} Ne8 {[%emt 0:03:56]} 29. Rh5 {[%emt 0:08:29] normal} 1/2-1/2

[Event "GER-ch Youth U16 2019"]
[Site "Willingen"]
[Date "2019.06.10"]
[Round "3.9"]
[White "Stork, Oliver"]
[Black "Boder, Jan"]
[Result "1-0"]
[WhiteElo "2224"]
[BlackElo "2123"]
[Annotator "NA"]
[PlyCount "73"]
[EventDate "2019.06.07"]
[EventType "swiss"]
[EventRounds "9"]
[EventCountry "GER"]
[SourceTitle "playchess.com"]
[Source "ChessBase"]
[SourceQuality "1"]
[TimeControl "40/5400+30:1800+30"]

1. e4 {[%emt 0:00:00]} c5 {[%emt 0:00:20]} 2. Nf3 {[%emt 0:00:00]} Nc6 {[%emt 0:00:11]} 3. d4 {[%emt 0:00:00]} cxd4 {[%emt 0:00:04]} 4. Nxd4 {[%emt 0:00:00]} g6 {[%emt 0:00:19]} 5. c4 {[%emt 0:00:05]} Bg7 {[%emt 0:00:10]} 6. Be3 {[%emt 0:00:06]} Nf6 {[%emt 0:00:07]} 7. Nc3 {[%emt 0:00:06]} Ng4 {[%emt 0:00:09]} 8. Qxg4 {[%emt 0:00:08]} Nxd4 {[%emt 0:00:04]} 9. Qd1 {[%emt 0:00:08]} Ne6 {[%emt 0:00:04]} 10. Rc1 {[%emt 0:00:45]} Qa5 {[%emt 0:00:24]} 11. Qd2 {[%emt 0:09:29]} b6 {[%emt 0:02:14]} 12. Qd5 {[%emt 0:11:49]} Qxd5 {[%emt 0:03:13]} 13. cxd5 {[%emt 0:00:22]} Nc5 {[%emt 0:00:44]} 14. f3 {[%emt 0:20:45]} Ba6 {[%emt 0:16:04]} 15. Bxa6 {[%emt 0:00:43]} Nxa6 {[%emt 0:01:42]} 16. Ke2 {[%emt 0:00:06]} d6 {[%emt 0:01:55]} 17. a3 {[%emt 0:11:34]} Kd7 {[%emt 0:04:16]} 18. b4 {[%emt 0:07:49]} Bxc3 {[%emt 0:00:58]} 19. Rxc3 {[%emt 0:00:06]} Rac8 {[%emt 0:00:22]} 20. Kd3 {[%emt 0:01:04]} Rxc3+ {[%emt 0:00:19]} 21. Kxc3 {[%emt 0:00:05]} Rc8+ {[%emt 0:00:06]} 22. Kd3 {[%emt 0:05:42]} e6 {[%emt 0:00:40]} 23. dxe6+ {[%emt 0:01:52]} Kxe6 {[%emt 0:00:53]} 24. h4 {[%emt 0:11:00]} Nb8 {[%emt 0:03:59]} 25. g4 {[%emt 0:07:59]} d5 {[%emt 0:03:06]} 26. f4 {[%emt 0:04:10]} dxe4+ {[%emt 0:00:44]} 27. Kxe4 {[%emt 0:00:06]} f5+ {[%emt 0:01:11]} 28. gxf5+ {[%emt 0:00:05]} gxf5+ {[%emt 0:00:04]} 29. Kd3 {[%emt 0:00:17]} Rg8 {[%emt 0:00:48]} 30. Rc1 {[%emt 0:02:30]} Kd6 {[%emt 0:00:16]} 31. a4 {[%emt 0:03:12]} Rg4 {[%emt 0:01:05]} 32. Rc8 {[%emt 0:01:24]} Na6 {[%emt 0:05:41]} 33. b5 {[%emt 0:01:48]} Nc5+ {[%emt 0:02:32]} 34. Bxc5+ {[%emt 0:00:57]} bxc5 {[%emt 0:00:04]} 35. Ra8 {[%emt 0:00:37]} Rxf4 {[%emt 0:01:15]} 36. Rxa7 {[%emt 0:00:04]} Rxh4 {[%emt 0:00:09]} 37. a5 {[%emt 0:00:19] normal} 1-0

[Event "GER-ch Youth U16 2019"]
[Site "Willingen"]
[Date "2019.06.10"]
[Round "3.10"]
[White "Rietschel, Tilo"]
[Black "Roehr, Tobias"]
[Result "1-0"]
[WhiteElo "2005"]
[BlackElo "2208"]
[Annotator "NA"]
[PlyCount "39"]
[EventDate "2019.06.07"]
[EventType "swiss"]
[EventRounds "9"]
[EventCountry "GER"]
[SourceTitle "playchess.com"]
[Source "ChessBase"]
[SourceQuality "1"]
[TimeControl "40/5400+30:1800+30"]

1. e4 {[%emt 0:00:00]} c5 {[%emt 0:00:00]} 2. Nf3 {[%emt 0:00:00]} e6 {[%emt 0:00:00]} 3. d4 {[%emt 0:00:00]} cxd4 {[%emt 0:00:00]} 4. Nxd4 {[%emt 0:00:00]} Nc6 {[%emt 0:00:00]} 5. Nxc6 {[%emt 0:00:00]} bxc6 {[%emt 0:00:02]} 6. Bd3 {[%emt 0:00:00]} Bc5 {[%emt 0:07:57]} 7. O-O {[%emt 0:02:18]} e5 {[%emt 0:04:34]} 8. Qe2 {[%emt 0:06:33]} Ne7 {[%emt 0:05:35]} 9. b3 {[%emt 0:13:14]} d6 {[%emt 0:09:53]} 10. Kh1 {[%emt 0:15:40]} Ng6 {[%emt 0:04:26]} 11. Bd2 {[%emt 0:12:39]} Qf6 {[%emt 0:07:56]} 12. b4 {[%emt 0:03:39]} Bb6 {[%emt 0:02:30]} 13. a4 {[%emt 0:12:40]} Nf4 {[%emt 0:06:31]} 14. Bxf4 {[%emt 0:02:06]} exf4 {[%emt 0:01:55]} 15. Nd2 {[%emt 0:01:29]} O-O {[%emt 0:04:02]} 16. Rac1 {[%emt 0:17:11]} Bd4 {[%emt 0:02:36]} 17. b5 {[%emt 0:04:16]} cxb5 {[%emt 0:02:34]} 18. axb5 {[%emt 0:00:09]} Re8 {[%emt 0:01:42]} 19. Bc4 {[%emt 0:01:23]} Bb7 {[%emt 0:00:50]} 20. Qd3 {[%emt 0:00:43] normal} 1-0

[Event "GER-ch Youth U16 2019"]
[Site "Willingen"]
[Date "2019.06.10"]
[Round "3.11"]
[White "Koehler, Lukas"]
[Black "Fromm, Marius"]
[Result "0-1"]
[WhiteElo "2068"]
[BlackElo "2038"]
[Annotator "NA"]
[PlyCount "32"]
[EventDate "2019.06.07"]
[EventType "swiss"]
[EventRounds "9"]
[EventCountry "GER"]
[SourceTitle "playchess.com"]
[Source "ChessBase"]
[SourceQuality "1"]
[TimeControl "40/5400+30:1800+30"]

1. e4 {[%emt 0:00:00]} e5 {[%emt 0:00:00]} 2. Nf3 {[%emt 0:00:00]} Nc6 {[%emt 0:00:00]} 3. Bc4 {[%emt 0:00:00]} Bc5 {[%emt 0:00:00]} 4. O-O {[%emt 0:00:12]} Nf6 {[%emt 0:01:27]} 5. d4 {[%emt 0:00:40]} Bxd4 {[%emt 0:00:25]} 6. Nxd4 {[%emt 0:00:06]} Nxd4 {[%emt 0:00:11]} 7. f4 {[%emt 0:00:17]} d6 {[%emt 0:00:26]} 8. fxe5 {[%emt 0:00:35]} dxe5 {[%emt 0:00:12]} 9. Bg5 {[%emt 0:00:32]} Qe7 {[%emt 0:02:32]} 10. Na3 {[%emt 0:24:03]} Bd7 {[%emt 0:07:59]} 11. c3 {[%emt 0:10:00]} Ne6 {[%emt 0:00:09]} 12. Bxe6 {[%emt 0:08:50]} Bxe6 {[%emt 0:10:45]} 13. Kh1 {[%emt 0:04:40]} Qd7 {[%emt 0:14:32]} 14. Bxf6 {[%emt 0:16:15]} gxf6 {[%emt 0:00:20]} 15. Qf3 {[%emt 0:01:50]} O-O-O {[%emt 0:01:21]} 16. Qxf6 {[%emt 0:01:45]} Qd6 {[%emt 0:10:11] normal} 0-1

[Event "GER-ch Youth U16 2019"]
[Site "Willingen"]
[Date "2019.06.10"]
[Round "3.12"]
[White "Biermann, Florian"]
[Black "Trifan, Andrei Ioan"]
[Result "1/2-1/2"]
[WhiteElo "2018"]
[BlackElo "2268"]
[Annotator "ChessBase"]
[PlyCount "51"]
[EventDate "2019.06.07"]
[EventType "swiss"]
[EventRounds "9"]
[EventCountry "GER"]
[SourceTitle "playchess.com"]
[Source "ChessBase"]
[SourceQuality "1"]
[TimeControl "40/5400+30:1800+30"]

1. c4 {[%emt 0:00:00]} e5 {[%emt 0:00:00]} 2. g3 {[%emt 0:00:00]} Nc6 {[%emt 0:00:00]} 3. Bg2 {[%emt 0:00:00]} f5 {[%emt 0:00:17]} 4. Nc3 {[%emt 0:00:30]} Nf6 {[%emt 0:00:12]} 5. d3 {[%emt 0:01:04]} Bb4 {[%emt 0:00:16]} 6. Bd2 {[%emt 0:00:43]} O-O {[%emt 0:01:03]} 7. e3 {[%emt 0:04:18]} Bxc3 {[%emt 0:07:37]} 8. Bxc3 {[%emt 0:00:06]} d5 {[%emt 0:01:01]} 9. Ne2 {[%emt 0:16:30]} Be6 {[%emt 0:13:33]} 10. b3 {[%emt 0:04:07]} Qe8 {[%emt 0:09:05]} 11. Qd2 {[%emt 0:09:10]} Rd8 {[%emt 0:05:24]} 12. Qb2 {[%emt 0:02:35]} d4 {[%emt 0:09:23]} 13. exd4 {[%emt 0:03:41]} exd4 {[%emt 0:00:22]} 14. Bd2 {[%emt 0:00:16]} Bf7 {[%emt 0:03:58]} 15. Bf4 {[%emt 0:16:18]} Bh5 {[%emt 0:00:33]} 16. f3 {[%emt 0:08:48]} Ne5 {[%emt 0:03:29]} 17. Bxe5 {[%emt 0:01:22]} Qxe5 {[%emt 0:00:03]} 18. O-O-O {[%emt 0:02:00]} Qe3+ {[%emt 0:02:48]} 19. Qd2 {[%emt 0:03:40]} Rfe8 {[%emt 0:00:17]} 20. Nf4 {[%emt 0:02:06]} Bxf3 {[%emt 0:02:32]} 21. Qxe3 {[%emt 0:01:41]} Rxe3 {[%emt 0:00:02]} 22. Bxf3 {[%emt 0:01:32]} Rxf3 {[%emt 0:00:03]} 23. Ne6 {[%emt 0:00:14]} Rd7 {[%emt 0:02:00]} 24. Rhf1 {[%emt 0:02:41]} Rxf1 {[%emt 0:02:08]} 25. Rxf1 {[%emt 0:00:05]} g6 {[%emt 0:00:52]} 26. Rf4 {[%emt 0:02:57] normal} 1/2-1/2

[Event "GER-ch Youth U16 2019"]
[Site "Willingen"]
[Date "2019.06.10"]
[Round "3.13"]
[White "Jeschke, Jan"]
[Black "Pahl, Erik"]
[Result "1-0"]
[WhiteElo "1915"]
[BlackElo "2113"]
[Annotator "NA"]
[PlyCount "36"]
[EventDate "2019.06.07"]
[EventType "swiss"]
[EventRounds "9"]
[EventCountry "GER"]
[SourceTitle "playchess.com"]
[Source "ChessBase"]
[SourceQuality "1"]
[TimeControl "40/5400+30:1800+30"]

1. e4 {[%emt 0:00:00]} Nc6 {[%emt 0:00:00]} 2. d4 {[%emt 0:00:00]} d5 {[%emt 0:00:00]} 3. e5 {[%emt 0:00:07]} Bf5 {[%emt 0:00:00]} 4. c3 {[%emt 0:00:24]} f6 {[%emt 0:00:00]} 5. Nf3 {[%emt 0:02:01]} e6 {[%emt 0:00:16]} 6. Be2 {[%emt 0:04:54]} Qd7 {[%emt 0:02:37]} 7. Be3 {[%emt 0:01:54]} h5 {[%emt 0:03:08]} 8. Nbd2 {[%emt 0:00:46]} Nh6 {[%emt 0:00:34]} 9. b4 {[%emt 0:09:19]} Ng4 {[%emt 0:07:54]} 10. Nb3 {[%emt 0:00:22]} fxe5 {[%emt 0:06:06]} 11. b5 {[%emt 0:00:33]} Nd8 {[%emt 0:07:40]} 12. Nxe5 {[%emt 0:00:41]} Nxe5 {[%emt 0:00:05]} 13. dxe5 {[%emt 0:00:10]} Nf7 {[%emt 0:02:14]} 14. f4 {[%emt 0:06:33]} h4 {[%emt 0:08:04]} 15. a4 {[%emt 0:04:08]} Be7 {[%emt 0:05:46]} 16. Nd4 {[%emt 0:09:02]} g6 {[%emt 0:03:22]} 17. Bf3 {[%emt 0:04:00]} c5 {[%emt 0:10:36]} 18. Nxf5 {[%emt 0:09:56]} gxf5 {[%emt 0:01:33] normal} 1-0

[Event "GER-ch Youth U16 2019"]
[Site "Willingen"]
[Date "2019.06.10"]
[Round "3.14"]
[White "Buller, Ian Joshua"]
[Black "Huber, Benedikt"]
[Result "0-1"]
[WhiteElo "1904"]
[BlackElo "2051"]
[Annotator "NA"]
[PlyCount "41"]
[EventDate "2019.06.07"]
[EventType "swiss"]
[EventRounds "9"]
[EventCountry "GER"]
[SourceTitle "playchess.com"]
[Source "ChessBase"]
[SourceQuality "1"]
[TimeControl "40/5400+30:1800+30"]

1. e4 {[%emt 0:00:00]} c5 {[%emt 0:00:00]} 2. Nf3 {[%emt 0:00:00]} e6 {[%emt 0:00:00]} 3. b3 {[%emt 0:00:00]} b6 {[%emt 0:00:00]} 4. Bd3 {[%emt 0:00:09]} Bb7 {[%emt 0:01:24]} 5. O-O {[%emt 0:00:40]} d6 {[%emt 0:01:47]} 6. Bb2 {[%emt 0:02:59]} Nf6 {[%emt 0:00:48]} 7. e5 {[%emt 0:06:51]} dxe5 {[%emt 0:05:08]} 8. Nxe5 {[%emt 0:00:29]} a6 {[%emt 0:02:20]} 9. f4 {[%emt 0:15:02]} Be7 {[%emt 0:02:38]} 10. Nc3 {[%emt 0:11:09]} Nc6 {[%emt 0:09:54]} 11. Nxc6 {[%emt 0:11:17]} Bxc6 {[%emt 0:02:42]} 12. Qe1 {[%emt 0:01:20]} O-O {[%emt 0:16:00]} 13. Qg3 {[%emt 0:02:29]} b5 {[%emt 0:04:54]} 14. Kh1 {[%emt 0:16:32]} Rc8 {[%emt 0:13:22]} 15. Rae1 {[%emt 0:08:58]} c4 {[%emt 0:09:39]} 16. bxc4 {[%emt 0:00:32]} bxc4 {[%emt 0:00:09]} 17. Be4 {[%emt 0:00:28]} Kh8 {[%emt 0:01:52]} 18. Bxc6 {[%emt 0:01:17]} Rxc6 {[%emt 0:00:02]} 19. Ne4 {[%emt 0:02:14]} Ne8 {[%emt 0:05:46]} 20. Qf3 {[%emt 0:02:44]} Rb6 {[%emt 0:01:48]} 21. Bc3 {[%emt 0:00:09] normal} 0-1

[Event "GER-ch Youth U16 2019"]
[Site "Willingen"]
[Date "2019.06.11"]
[Round "4.1"]
[White "Suvorov, Alexander"]
[Black "Woelk, Tom-Frederic"]
[Result "1/2-1/2"]
[WhiteElo "2325"]
[BlackElo "2239"]
[Annotator "TA"]
[PlyCount "88"]
[EventDate "2019.06.07"]
[EventType "swiss"]
[EventRounds "9"]
[EventCountry "GER"]
[SourceTitle "playchess.com"]
[Source "ChessBase"]
[SourceQuality "1"]

{[%evp 13,88,0,0,-6,-10,-12,1,-9,0,-14,-14,0,20,0,0,-25,-27,-16,-15,-22,-21,-19,-21,-12,10,0,0,0,8,13,8,0,0,0,14,0,0,0,0,0,0,0,5,0,0,0,0,0,0,0,0,0,0,0,14,0,0,0,0,0,0,0,0,0,0,0,0,0,0,0,0,0,0,0,0,0,0]} 1. d4 Nf6 2. c4 e6 3. Nc3 Bb4 4. e3 O-O 5. Nge2 Re8 6. a3 Bf8 7. Ng3 d5 8. cxd5 {E46: Nimzo-Indian: Rubinstein: 4 e3 0-0 5 Ne2 without early Bd3} (8. Be2 b6 9. cxd5 exd5 10. O-O Bb7 11. b4 Nbd7 12. Qb3 c6 13. Bf3 a5 14. b5 c5 15. Nxd5 a4 {½-½ (53) Shankland,S (2671)-Ding,L (2778) Liaocheng 2018}) 8... exd5 9. Bd3 c5 10. O-O b6 11. b3 $146 ({Predecessor:} 11. dxc5 bxc5 12. b4 cxb4 13. axb4 Bxb4 14. Bb2 Bg4 15. Qb1 Nbd7 {0-1 (30) De Haan,E (2303)-Dzagnidze,N (2555) Caleta 2013}) 11... cxd4 12. exd4 Ba6 13. Nb5 Ne4 14. Bf4 {Strongly threatening Nc7.} Bxb5 $1 15. Bxb5 Nc3 {[%mdl 64] [#] Double Attack. The position is equal.} 16. Qd3 Nxb5 17. Qxb5 a6 18. Qd3 $1 Bd6 19. Bxd6 Qxd6 20. Rfe1 Rxe1+ 21. Rxe1 {[#] Re8+ is the strong threat.} Nc6 22. Rc1 {And now Nf5 would win.} g6 23. b4 Nd8 24. Nf1 Ne6 25. Ne3 b5 26. Qc3 Rd8 27. g3 Kg7 28. h4 Rd7 29. Qd2 h5 30. Qb2 Qb6 31. Rd1 Qc6 32. Qb3 Nc7 33. Qd3 Na8 34. Ng2 Nb6 35. Re1 Qf6 36. Nf4 Re7 37. Rxe7 Qxe7 38. Qc3 Qe4 39. Qc5 Nc4 40. Nxd5 Qe1+ (40... Nd2 $5 41. Ne3 $8 Nf3+ 42. Kf1 Nxd4 $11) 41. Kg2 Qe4+ 42. Kg1 Qe1+ (42... Nd2 $5 43. Ne3 $8 Nf3+ 44. Kf1 Nxd4 $11) 43. Kg2 Qe4+ 44. Kg1 Qe1+ {Accuracy: White = 65%, Black = 56%.} (44... Nd2 $5 45. Ne3 $8 Nf3+ 46. Kf1 Nh2+ 47. Ke2 Qf3+ 48. Ke1 Qh1+ 49. Kd2 Nf3+ 50. Ke2 Ng1+ 51. Kf1 Nf3+ 52. Ke2 Ng1+ 53. Kd3 Nh3 $11) 1/2-1/2

[Event "GER-ch Youth U16 2019"]
[Site "Willingen"]
[Date "2019.06.11"]
[Round "4.2"]
[White "Wachinger, Nikolas"]
[Black "Koellner, Ruben Gideon"]
[Result "1/2-1/2"]
[WhiteElo "2311"]
[BlackElo "2299"]
[Annotator "TA"]
[PlyCount "128"]
[EventDate "2019.06.07"]
[EventType "swiss"]
[EventRounds "9"]
[EventCountry "GER"]
[SourceTitle "playchess.com"]
[Source "ChessBase"]
[SourceQuality "1"]

{[%evp 21,128,16,30,18,28,0,17,20,12,-38,-37,-28,-33,-27,0,0,12,11,10,0,0,0,0,0,0,0,0,0,0,0,9,9,9,9,9,7,7,0,0,0,0,0,6,-47,9,0,0,0,0,0,0,0,0,-7,7,11,15,0,0,0,0,4,12,0,0,0,0,-18,-7,-22,0,-129,-131,-174,-181,-229,-216,-200,-215,-197,-137,-132,-141,-133,-139,-184,-155,-160,-70,-61,-71,-56,-41,-45,-75,-51,-8,-8,9,9,9,9,12,8,546,558,314,138,131]} 1. d4 Nf6 2. c4 e6 3. Nc3 d5 4. cxd5 exd5 5. Bg5 Be7 6. e3 c6 7. Qc2 h6 8. Bh4 Nbd7 9. Bd3 Nh5 10. Bxe7 Qxe7 11. Nge2 Nb6 12. h3 {D36: Queen's Gambit Declined: Exchange Variation: Main line (5 Bg5 c6 6 Qc2)} (12. O-O O-O 13. Rae1 Be6 14. Nc1 Rad8 15. Nb3 Rfe8 16. Nc5 Bc8 17. b4 Nc4 18. Qe2 Qg5 19. f4 Qh4 20. Bxc4 dxc4 {0-1 (37) Navara,D (2724)-Adams,M (2740) Biel 2015}) 12... Nf6 13. g4 Be6 14. O-O-O {The position is equal.} O-O-O 15. Na4 Nxa4 16. Qxa4 Kb8 17. Kb1 Nd7 $146 ({Predecessor:} 17... h5 18. g5 Ne4 19. Bxe4 dxe4 {½-½ (75) Hardarson,J (2170)-Cummings,D (2345) Reykjavik 2015}) 18. Qc2 Nb6 19. Nf4 g6 20. Rdg1 Nc8 21. h4 Nd6 22. Nxe6 Qxe6 23. h5 {[%cal Rh5g6]} g5 24. Rh3 Rhg8 25. Rf3 Rde8 26. Bf5 Qe7 27. Qd3 Nc4 28. b3 Qb4 {aiming for ...Nd2+.} 29. Rd1 a5 30. Ka1 Nd6 31. Qd2 Rg7 32. Bd3 (32. Qc1 $11) 32... Ne4 ({Black should try} 32... Qxd2 $15 33. Rxd2 f5) 33. Qxb4 axb4 34. Kb2 Kc7 35. a3 bxa3+ $1 36. Kxa3 Nd6 37. Kb4 Kd7 38. Rf6 Rh8 39. Kc5 b6+ 40. Kb4 {White wants to play Ra1.} Ke7 41. Rf3 Rgg8 42. Ka3 Ra8+ 43. Kb2 Ra5 44. Rh3 Rha8 $36 {[%mdl 2048] Black has some pressure.} 45. Bb1 $1 Rb5 46. Kc2 (46. Bd3 $11 Rba5 47. Bb1) 46... Ra3 $17 47. Rd3 {[#]} c5 $1 48. dxc5 bxc5 49. Kb2 Nc4+ $1 50. Kc2 Ne5 (50... Na5 $19 {And now ...c4 would win.} 51. Rh1 c4) 51. Rxd5 Nxg4 52. e4 Nxf2 53. Rc3 Ra6 54. Kb2 Re6 (54... g4 $17 {...Rd6 is the strong threat.} 55. Bc2 Rd6) 55. e5 $15 Ng4 56. Bf5 Nxe5 57. Bxe6 Kxe6 {[%mdl 4096] Endgame KRR-KRN} 58. Rd8 c4 {Threatening ...Kf5.} 59. Rh8 $1 Rxb3+ 60. Rxb3 cxb3 61. Rxh6+ Kf5 62. Rh8 f6 $2 {[%mdl 8192] [#]} (62... g4 $11 {and Black is okay.}) 63. Rg8 $1 $18 Nf7 64. Rg7 ({Stronger than} 64. Kxb3 Kg4 $11) 64... Nh6 {Accuracy: White = 57%, Black = 54%.} 1/2-1/2